000 00314nam a22001097a 4500
008 160713b xxu||||| |||| 00| 0 eng d
100 _92777
_aLearn to Speak and Write German
245 _aLearn to Speak and Write German
260 _aN.D
_b Lotus
_c2005
300 _aLearn to Speak and Write German
942 _2ddc
_cBK
999 _c2398
_d2398